Securing Cyberspace: (Record no. 174059)
[ view plain ]
| 000 -LEADER | |
|---|---|
| fixed length control field | 00697nam a22002057a 4500 |
| 005 - DATE AND TIME OF LATEST TRANSACTION | |
| control field | 20200316153309.0 |
| 010 ## - LCCN (DPL NO) | |
| LC control number | ENG-128059 |
| 020 ## - INTERNATIONAL STANDARD BOOK NUMBER | |
| International Standard Book Number | 9788182749184 |
| Terms of availability | 1295.00 |
| 035 ## - SYSTEM CONTROL NUMBER | |
| System control number | EN-111591 |
| 037 ## - SOURCE OF ACQUISITION | |
| Source of stock number/acquisition | DBAD/PUB |
| 082 ## - DEWEY DECIMAL CLASSIFICATION NUMBER | |
| Classification number | 005.8 |
| 245 ## - TITLE STATEMENT | |
| Title | Securing Cyberspace: |
| Statement of responsibility, etc | Edited by Cherian Samuel [and] Munish Sharma |
| Remainder of title | International and Asian perspectives |
| 260 ## - PUBLICATION, DISTRIBUTION, ETC. (IMPRINT) | |
| Place of publication, distribution, etc | New Delhi |
| Name of publisher, distributor, etc | Pentagon Press |
| Date of publication, distribution, etc | 2016 |
| 270 ## - ADDRESS | |
| Address | 206, Peacock Lane, Shahpur Jat |
| City | New Delhi |
| Postal code | 110049 |
| Telephone number | 011-6470624 |
| Fax number | 011-26490600 |
| Electronic mail address | rajan@pentagonpress.in |
| 300 ## - PHYSICAL DESCRIPTION | |
| Extent | xiv;346p. |
| Dimensions | 24cm(hb) |
| 500 ## - GENERAL NOTE | |
| General note | includes index |
| 700 ## - ADDED ENTRY--PERSONAL NAME | |
| Personal name | Samuel,Cherian |
| 700 ## - ADDED ENTRY--PERSONAL NAME | |
| Personal name | Sharma,Munish |
| 942 ## - ADDED ENTRY ELEMENTS (KOHA) | |
| Source of classification or shelving scheme | Dewey Decimal Classification |
| Item type | English Books |
| Classification part | 005.8 |
| Call number suffix | SEC |
| Withdrawn status | Lost status | Not for loan | Collection code | Home library | Current library | Date acquired | Source of acquisition | Cost, normal purchase price | Full call number | Barcode | Copy number | Cost, replacement price | Koha item type |
|---|---|---|---|---|---|---|---|---|---|---|---|---|---|
| Non-fiction | Central Library | Central Library | 16/03/2020 | DBAD/PUB | 1295.00 | 005.8 SEC | EN-111591 | 1 | 1295.00 | English Books |
